RICS Regulatory Tribunal Rules (Record no. 121962)
[ view plain ]
| 000 -LEADER | |
|---|---|
| fixed length control field | 01280nam a22002057a 4500 |
| 008 - FIXED-LENGTH DATA ELEMENTS--GENERAL INFORMATION | |
| fixed length control field | 240701t2024 xxk|||||o|||| 00| 0 eng d |
| 041 ## - LANGUAGE CODE | |
| Language code of text/sound track or separate title | eng |
| 110 ## - MAIN ENTRY--CORPORATE NAME | |
| Corporate author | Royal Institution of Chartered Surveyors |
| 245 ## - TITLE STATEMENT | |
| Title | RICS Regulatory Tribunal Rules |
| Medium | [Electronic resource] |
| 250 ## - EDITION | |
| Edition statement | version 3 |
| 260 ## - PUBLICATION INFORMATION | |
| Place of publication | London, |
| Publisher | Royal Institution of Chartered Surveyors, |
| Date | 2024 |
| 300 ## - PHYSICAL DESCRIPTION | |
| Physical description | 41p. |
| 490 ## - SERIES TITLE | |
| Series statement | RICS Regulation |
| 520 ## - ABSTRACT | |
| Abstract | The RICS Regulatory Tribunal Rules are made by the Standards and Regulation Board of RICS under Article 18 of the Supplemental Charter 1973 of RICS and Bye-Laws made under Article 17 of that Charter. Version 3 of these Rules came into force on 14 March 2024. In accordance with RICS ByeLaw B5.6, any complaints or allegations that came to the attention of RICS before the date of implementation of any new Rules will be dealt with under the Charter, Bye-Law, Regulation and Rules provisions in force at the time when the matter came to the attention of RICS. |
| 650 ## - KEYWORDS | |
| Keywords | PROFESSIONAL STANDARDS |
| 651 ## - SUBJECT ADDED ENTRY--GEOGRAPHIC NAME | |
| Geographic name | International |
| 710 ## - ADDED CORPORATE NAME | |
| Added corporate author | Royal Institution of Chartered Surveyors |
| 856 ## - ONLINE RESOURCE | |
| Uniform Resource Identifier | <a href="https://www.rics.org/content/dam/ricsglobal/documents/regulation/rics-regulatory-tribunal-rules-v3-2024.pdf">https://www.rics.org/content/dam/ricsglobal/documents/regulation/rics-regulatory-tribunal-rules-v3-2024.pdf</a> |
| Public note | Available free on RICS.org |
| 942 ## - ADDED ENTRY ELEMENTS (KOHA) | |
| Suppress in OPAC | Do not suppress in OPAC |
| Lost status | Damaged status | Not for loan | Current library | Shelving location | Date acquired | Total Checkouts | Full call number | Date last seen | Price effective from | Koha item type |
|---|---|---|---|---|---|---|---|---|---|---|
| Virtual | Online | 01/07/2024 | ONLINE PUBLICATION | 01/07/2024 | 01/07/2024 | Online material |